Plus Grandes Villes d'Albanie - Statistiques

Statistiques générales
  • Ce quiz a été pris 421 fois
  • Le résultat moyen est 6 sur 15
Statistiques - réponses
Ville
Population
(en milliers)
% Correct
Tirana 726
100%
Durrës 115
85%
Vlora 104
62%
Elbasen 141
52%
Schkodra 135
47%
Berat 60
46%
Kukës 47
40%
Fier 120
35%
Korça 75
29%
Pogradec 61
24%
Lezha 65
17%
Lushnja 31
12%
Kamza 104
9%
Kavaja 40
9%
Kuçove 31
4%
Aucun quiz correspondant
Distribution des résultats
% des personnes avec chaque résultat
Percentile par nombre de réponses
Votre historique - résultats
Vous n’avez pas pris ce quiz